000 00722nam a2200313Ia 4500
001 Z_879
003 CHAP
008 220113s1987 xx 000 0 und d
010 _a163953
040 _cCHAP
082 _a591.5 F3
100 _a
245 _aFarmstead magazine's guide to animal husbandry /
_ced. by Farmstead magazine
260 _aBlue Ridge Summit, PA :
_bTab Books,
_c1987
300 _a164 p. :
_bilus.
440 _a
500 _a
503 _a
650 _aApicultura
_96241
650 _aConejos
_926352
650 _aEcologĂ­a animal
_935170
650 _aGanado
_944888
901 _a591.5 F3
902 _aA
910 _a1987
942 _c1
942 _cc1
999 _c163953
_d163953